000 00475nam a2200157Ia 4500
005 20250404095316.0
008 231217s9999 xx 000 0 und d
020 _a9788131405871
082 _a658.11 SUM;2 R1
100 _aSumati, Reddy ed.
245 0 _aIcfai university press on mergers and acquisitions in India : perspectives and cases
260 _c2006
_bIcfai
_aHyderabad
300 _axi, 211
650 _aIcfai,press,mergers,acquisitions,India
942 _cAA
999 _c191479
_d191479